Petroleum geostatistics (Record no. 33484)

MARC details
000 -LEADER
fixed length control field 00525nam a2200181Ia 4500
020 ## - INTERNATIONAL STANDARD BOOK NUMBER
ISBN 9781555631062
050 ## - CALL MARK
Classification number TN 870.53 .C34/
100 ## - STATEMENT OF RESPONSIBILITY--MAIN AUTHOR NAME
Personal name Caers, Jef
245 #0 - TITLE STATEMENT
Title Petroleum geostatistics
260 ## - PUBLICATION, DISTRIBUTION, ETC. (IMPRINT)
Place of publication Texas
260 ## - PUBLICATION, DISTRIBUTION, ETC. (IMPRINT)
Name of publisher Society of Petroleum Engineers
260 ## - PUBLICATION, DISTRIBUTION, ETC. (IMPRINT)
Year of publication 2005
300 ## - PHYSICAL DESCRIPTION
Number of Pages 88 p
650 ## - SUBJECT ADDED ENTRY--TOPICAL TERM
Topical Term Geology--Statistical methods. Petroleum--Geology. Geological modeling. Hydrocarbon reservoirs.
942 ## - ADDED ENTRY ELEMENTS (KOHA)
Koha item type Books
Holdings
Withdrawn status Lost status Source of classification or shelving scheme Damaged status Not for loan Permanent Location Current Location Date acquired Accession Number Price effective from Koha item type
    Library of Congress Classification     NILE UNIVERSITY OF NIGERIA - MAIN LIBRARY NILE UNIVERSITY OF NIGERIA - MAIN LIBRARY 04/23/2025 0185744 04/23/2025 Books